00472 2200193 4500001002100000005001500021035002000036007000300056008004100059020002200100082000800122084001400130100001600144245003000160250001100190260003300201300002700234650001700261INLIS00000000000204920260228080751 a0010-0226000059ta260228 d f ind  a978-602-6922-45-8 a813 a813 AIN k0 aAinun Nufus1 aKali Kedua /cAinun Nufus aCet. 1 aJakarta :bRomancious,c2016 a280 hlm. ;c13 x 19 cm aNovel Remaja